000 00439nam a2200193Ia 4500
008 090124s9999 xx 000 0 und d
082 _b35532
100 _aLANDAU L. D.
245 _aMOLECULES
250 _a1
260 _bMIR PUBLISHERS MOSCOW
_c1978
300 _a244
600 _aLANDAU L. D.
630 _aMOLECULES
700 _aGREENDLINGER MARTIN
700 _aLANDAU L. D.
730 _aMOLECULES
942 _cBOOK
999 _c101551
_d101551